000 00392nam a2200145Ia 4500
008 230917s9999||||xx |||||||||||||| ||und||
040 _e76717
_aMAIN
041 _aEnglish
082 _a658.3 R723L
100 _aRosen, Ned A
245 0 _aLeadership change and work group dynamics: an experiment
260 _aGreat Britain
_bStaples Press
_c1970
300 _axviii, 261 p.
942 _cBK
999 _c219553
_d219553